LEADER 01212nam a2200313 a 4500 001 000000175900 003 CaOOAMICUS 005 20230605145855.0 008 230601s2022 it u000 u ita r 020 $a978-88-10432358 032 $aLibriCat 040 $aPUL$bita 082 04$a220.61 100 1 $aPulcinelli, Giuseppe,$csacerdote,$d1962-$0(OLS)http://pul/name/64040 245 10$aIntroduzione alla Sacra Scrittura /$cGiuseppe Pulcinelli. 250 $a219 p. ;$c20 cm. 260 $aBologna :$bEDB,$c©2022. 490 1 $aFondamenta ;$v 504 $aBibliografia in nota. 630 04$aBiblia$xIntroduzioni.$0(OLS)http://pul/subject/1614 830 0$aFondamenta (EDB).$0(OLS)http://pul/title/188405 850 $aPUL 852 $aPUL$W1$xSL Religione 3$y85$m220. 61 PULGI 1$j200065$bDDC 21$q $B204848$CPULBib$Z2$F204848 $H136302 $81 941 1 $a9 996 $6020$a978-88-10432358$9(OLS)http://pul/number/169143 996 $6082$a220.61$9(OLS)http://pul/classification/2743 996 $6245$aIntroduzione alla Sacra Scrittura$9(OLS)http://pul/title/217380 996 $6260$aBologna :$bEDB$9(OLS)http://pul/publisher/56073 LEADER 01090nam a2200277 a 4500 001 000000130520 003 CaOOAMICUS 005 20120928150856.0 008 120928s2007 it u000 u ita r 020 $z978-88-4281458-0* 040 $aPUL$bita 100 1 $aAlesina, Alberto.$0(OLS)http://pul/name/83651 245 13$aIl liberismo è di sinistra /$cAlberto Alesina, Francesco Giavazzi. 260 $aMilano :$bIl Saggiatore,$c©2007. 300 $a126 p. ;$c22 cm. 490 1 $aPamphlet 650 4$aLiberismo.$0(OLS)http://pul/subject/19606 700 1 $aGiavazzi, Francesco.$0(OLS)http://pul/name/83652 830 0$aPamphlet.$0(OLS)http://pul/title/164962 850 $aPUL 852 $aPUL$W1$xDP1 Fondo E. Rossi$y115$m1 A 21$j115334$aCollocazione ms. sul dorso di E. Rossi: A 22 0$qFondi$B149637$CPULBib$Z2$F149637 $82 941 1 $a1 996 $6020$z978-88-4281458-0*$9(OLS)http://pul/number/150619 996 $6245$aIl liberismo è di sinistra$9(OLS)http://pul/title/164961 996 $6260$aMilano :$bIl Saggiatore$9(OLS)http://pul/publisher/49408